000 00513nam a2200217Ia 4500
005 20250425162614.0
008 250425s9999 xx 000 0 und d
020 _a0619033789
041 _aeng
082 _a658.872
100 _aSCHNEIDE, GARY P.
245 0 _aELECTRONIC COMMERCE
250 _a2ND ED.
260 _aBOSTON
260 _aEstados Unidos
_bCOURSE TECHNOLOGY
_c2001
300 _a478
650 _aCOMERCIO ELECTRONICO
700 _aPERRY, JAMES T.
942 _c01
010 _a90062
999 _c232661
_d232661